000 00507nam a2200181Ia 4500
005 20250326124013.0
008 250326s9999 xx 000 0 und d
037 _aTextbook
040 _aFMSL
_beng
_cFMSL
041 _aeng
_2eng
084 _aX K8
_qFMSL
100 _aJohnson H G
_9295012
245 0 _aEConomic nationalism in old and new states
_cJohnson H G
260 _aLondon
_bLondon, George Allen and Unwin
_c1968
300 _a145p
942 _cTB
_hX K8
999 _c1271852
_d1271852